Tâm lí học nhân cách Một số vấn đề lý luận

.

Wedi'i Gadw mewn:
Manylion Llyfryddiaeth
Prif Awdur: Nguyễn Ngọc Bích
Fformat: Llyfr
Iaith:Vietnamese
Cyhoeddwyd: H. Nxb Đại học quốc gia Hà Nội 2000
Pynciau:
Tagiau: Ychwanegu Tag
Dim Tagiau, Byddwch y cyntaf i dagio'r cofnod hwn!
Thư viện lưu trữ: Mạng thư viện Đại học Đà Nẵng
LEADER 01000nam a2200313 4500
001 000006272
003 2427
005 20110907080904.0
008 110907s2000 viesd
020 |c 22000 
041 0 |a vie 
082 |a 155.23  |b NG-B 
100 0 |a Nguyễn Ngọc Bích 
245 0 |a Tâm lí học nhân cách  |b Một số vấn đề lý luận  |c Nguyễn Ngọc Bích 
260 |a H.  |b Nxb Đại học quốc gia Hà Nội  |c 2000 
300 |a 303 tr  |c 19 cm 
520 |a . 
653 |a Tâm lí 
653 |a Lí luận 
OWN |a LSP 
AVA |a UDN50  |b LSP  |d 155.23 NG-B  |e check_holdings  |t Error 5003 Not defined in file expand_doc_bib_avail.  |h N  |k 1 
999 |a From the UDN01 
AVA |a UDN50  |b LSP  |d 155.23 NG-B  |e available  |t Error 5001 Not defined in file expand_doc_bib_avail.  |f 43  |g 18  |h N  |i 89  |k 1 
TYP |a Monograph 
TYP |a Printed language 
980 |a Mạng thư viện Đại học Đà Nẵng